000 00419nam a2200181Ia 4500
001 10796
005 20260306161858.0
008 260306t2003||||xx |||||||||||||| ||spa||
041 _aESP
082 _a956
_bD31 2003
100 _aDavis, Craig S.
_eAUT
245 0 _aOriente medio para Dummies
260 _c2003
300 _a449 páginas :
_ccm.
650 _aGEN
654 _aCHU
942 _cLIB
_dJUS
_fJUS
_2ddc
_n
999 _c10796
_d10796